UBT Library

Introduction to thermal analysis : (Record no. 41652)

000 -LEADER
fixed length control field 00768cam a2200229 a 4500
001 - CONTROL NUMBER
control field 12578181
005 - DATE AND TIME OF LATEST TRANSACTION
control field 20180202074058.0
008 - FIXED-LENGTH DATA ELEMENTS--GENERAL INFORMATION
fixed length control field 011101s2001 ne a b 001 0 eng
010 ## - LIBRARY OF CONGRESS CONTROL NUMBER
LC control number 2001050596
020 ## - INTERNATIONAL STANDARD BOOK NUMBER
International Standard Book Number 1402002114 (alk. paper)
040 ## - CATALOGING SOURCE
Original cataloging agency DLC
Transcribing agency DLC
Modifying agency DLC
041 ## - LANGUAGE CODE
Language code of text/sound track or separate title eng
080 ## - UNIVERSAL DECIMAL CLASSIFICATION NUMBER
Universal Decimal Classification number 543.086
082 00 - DEWEY DECIMAL CLASSIFICATION NUMBER
Classification number 543.086 BRO
Edition number 21
100 ## - Rafti
Rafti 12KI
101 ## - Shkurtesa
Shkurtesa KIM
245 00 - TITLE STATEMENT
Title Introduction to thermal analysis :
Statement of responsibility, etc edited by Michael E. Brown.
504 ## - BIBLIOGRAPHY, ETC. NOTE
Bibliography, etc Includes bibliographical references and index.
906 ## - LOCAL DATA ELEMENT F, LDF (RLIN)
a 7
b cbc
c orignew
d 1
e ocip
f 20
g y-gencatlg
942 ## - ADDED ENTRY ELEMENTS (KOHA)
Source of classification or shelving scheme
Item type Books
Holdings
Withdrawn status Lost status Source of classification or shelving scheme Damaged status Not for loan Collection code Permanent location Current location Shelving location Date acquired Total Checkouts Full call number Barcode Date last seen Price effective from Koha item type
          Koleksioni i përgjithshem UBT - Lipjan UBT - Lipjan Koleksioni i përgjithshem 02/02/2018   543.086 BRO 002-2997600 02/02/2018 02/02/2018 Books
UBT Library © 2015-2024. All rights reserved University Education for Business and Technology